000
00247nam a22001097a 4500
082
_a
MIZ
100
_a
Mizutani, Osamu
245
_a
The Spoken Language in Japanese Life
260
_a
Japan:
_b
Japan Times,
_c
1981.
300
_a
180p. ;
942
_c
BK
999
_c
57330
_d
57327